000 01206nac a22003737a 4500
001 BR0501645
003 BR-BrBNA
005 20240105123123.0
008 230509b bl.|||m| |||| 00| 0 por d
040 _aBR-BrBNA
_bpor
_cBiblioteca Nacional de Agricultura
072 _aJ11
090 _a1120 BR0501645
100 1 _aJunqueira, N.T.V.
100 1 _aNascimento, A.C. do
100 1 _aRamos, V.H.V.
100 1 _aLage, D.A. da C.
100 1 _aKrahl, L.L.
100 1 _aAlmeida, D.A.
100 1 _aCabral, G. de A.
110 1 _aEMBRAPA Cerrados, Planaltina, DF (Brasil)
245 1 _aEfeito de produtos biológicos e químicos no controle da antracnose e na conservação da manga cv. Palmer em pós-colheita
260 3 _aPlanaltina, DF (Brasil):
_c2003.
300 _a14 p.
490 _aBoletim de Pesquisa e Desenvolvimento - EMBRAPA EMBRAPA Cerrados (Brazil)
_vno. 95
_xISSN 1676-918X
500 _aSummaries (En, Pt); 10 ref.
650 _aMANGA
650 _aANTRACNOSE
650 _aCONTROLE BIOLÓGICO
650 _aCONTROLE QUÍMICO
650 _aDEFENSIVO
650 _aPÓS-COLHEITA
909 _a202312
_bLúcia Elande
_c55
_dLúcia Elande
942 _2AGRIS
_n0
_cMS
999 _c294077
_d294077